[Event "Tramin/Kaltern-Deutschnofen"]
[Site "?"]
[Date "2015.12.12"]
[Round "4.3"]
[White "Thurner, Markus"]
[Black "Panjkovic, Aleksandar"]
[Result "1/2-1/2"]
[WhiteElo "1874"]
[BlackElo "2086"]
[PlyCount "42"]
[EventDate "2015.??.??"]

1. e4 d6 2. d4 Nf6 3. Bd3 g6 4. Ne2 c5 5. c3 cxd4 6. cxd4 Nc6 7. Nbc3 Bg7 8. f3
O-O 9. Be3 Nd7 10. Qd2 e5 11. d5 Nd4 12. O-O a6 13. Bh6 Bxh6 14. Qxh6 Nxe2+ 15.
Nxe2 Qb6+ 16. Kh1 Qxb2 17. a4 Qb6 18. Ng3 Nc5 19. Nh5 gxh5 20. Qg5+ Kh8 21.
Qf6+ Kg8 1/2-1/2

[Event "Tramin/Kaltern-Deutschnofen"]
[Site "?"]
[Date "2015.12.12"]
[Round "4.4"]
[White "Bertagnolli, Gerhard"]
[Black "Gibitz, Othmar"]
[Result "1/2-1/2"]
[WhiteElo "1878"]
[BlackElo "1644"]
[PlyCount "41"]
[EventDate "2015.??.??"]

1. d4 Nf6 2. Nf3 d5 3. c4 c6 4. Nc3 Bf5 5. e3 e6 6. a3 h6 7. Bd3 Bxd3 8. Qxd3
Nbd7 9. O-O Be7 10. cxd5 exd5 11. Bd2 O-O 12. Rfc1 a5 13. Rab1 Nb6 14. Be1 Bd6
15. h3 Re8 16. Nd2 Bc7 17. e4 dxe4 18. Ncxe4 Nxe4 19. Nxe4 Nd7 20. Rd1 Nf6 21.
Nxf6+ 1/2-1/2

[Event "Tramin/Kaltern-Deutschnofen"]
[Site "?"]
[Date "2015.12.12"]
[Round "4.5"]
[White "Hofer, Alois"]
[Black "Thaler, Elmar"]
[Result "1/2-1/2"]
[WhiteElo "1688"]
[BlackElo "1826"]
[PlyCount "41"]
[EventDate "2015.??.??"]

1. c4 Nf6 2. Nc3 c6 3. e4 d5 4. cxd5 cxd5 5. Bb5+ Bd7 6. Qa4 dxe4 7. Nxe4 e6 8.
Nf3 Nxe4 9. Bxd7+ Nxd7 10. Qxe4 Nc5 11. Qc4 Qd3 12. Qxd3 Nxd3+ 13. Ke2 Nf4+ 14.
Kf1 Bc5 15. d4 Bd6 16. g3 Nd5 17. Bd2 Ke7 18. Rc1 Rhc8 19. Ke2 b5 20. h4 h5 21.
Rhd1 1/2-1/2

[Event "Tramin/Kaltern-Deutschnofen"]
[Site "?"]
[Date "2015.12.12"]
[Round "4.6"]
[White "Dallaglio, Giovanni"]
[Black "Welsch, Ulrich"]
[Result "1-0"]
[WhiteElo "1840"]
[BlackElo "1589"]
[PlyCount "65"]
[EventDate "2015.??.??"]

1. d4 e6 2. Nf3 Nf6 3. c4 Bb4+ 4. Nbd2 O-O 5. g3 c5 6. dxc5 Bxc5 7. Bg2 Nc6 8.
O-O b6 9. a3 a5 10. b3 Bb7 11. Bb2 Rc8 12. e4 Ne8 13. Qe2 Be7 14. Rfd1 Qc7 15.
Rac1 d6 16. Nb1 Bf6 17. Bxf6 Nxf6 18. Nc3 Rfd8 19. Nb5 Qb8 20. Qe3 Ba8 21. Nfd4
Ne7 22. h3 Ng6 23. f4 Qb7 24. f5 exf5 25. Nxf5 Qc6 26. Nbxd6 Rc7 27. Nb5 Rcd7
28. Rxd7 Rxd7 29. Nc3 Rd8 30. Nd5 Re8 31. Rd1 a4 32. e5 Rxe5 33. Qxe5 1-0

[Event "Merania-Bruneck"]
[Site "?"]
[Date "2015.12.12"]
[Round "4.1"]
[White "Luciani, Valerio"]
[Black "Bonagura, Stefano"]
[Result "1-0"]
[WhiteElo "2149"]
[BlackElo "2249"]
[PlyCount "91"]
[EventDate "2015.??.??"]

1. d4 d5 2. c4 Nc6 3. Nc3 dxc4 4. d5 Ne5 5. Bf4 Ng6 6. Bg3 e5 7. e4 Nf6 8. Nf3
Bd6 9. Nd2 a6 10. a4 h5 11. f3 h4 12. Bf2 Nf4 13. Nxc4 h3 14. g3 Ng2+ 15. Kd2
g5 16. Kc1 Qe7 17. Qd2 g4 18. f4 Bb4 19. Bd3 exf4 20. gxf4 Bd7 21. Bg3 Rh5 22.
Qe2 Kf8 23. Ne5 c6 24. d6 Bxd6 25. Nxd7+ Qxd7 26. e5 Re8 27. Qc2 Bc5 28. Nd1
Ba7 29. Nc3 Ne3 30. Qe2 Ned5 31. Rf1 Nxc3 32. bxc3 Nd5 33. Kb2 f5 34. Rfe1 Rh6
35. Bc2 Nxc3 36. Kxc3 Qd4+ 37. Kb3 c5 38. Ka2 b5 39. Rad1 Qb4 40. Qd2 a5 41.
Qxb4 axb4 42. axb5 c4 43. Bxf5 Rb6 44. Bd7 Ra8 45. Kb2 Rbb8 46. Bc6 1-0

[Event "Merania-Bruneck"]
[Site "?"]
[Date "2015.12.12"]
[Round "4.2"]
[White "Teutsch, Alexander"]
[Black "Moling, Patrick"]
[Result "1-0"]
[WhiteElo "2035"]
[BlackElo "2094"]
[PlyCount "49"]
[EventDate "2015.??.??"]

1. d4 Nf6 2. c4 e6 3. Bg5 h6 4. Bh4 d5 5. cxd5 exd5 6. Nc3 Be7 7. e3 b6 8. Bd3
Bb7 9. Qc2 O-O 10. Nf3 c5 11. O-O Nc6 12. a3 a6 13. Rfd1 c4 14. Bf5 Na5 15. Re1
Re8 16. Ne5 Ne4 17. Bxe7 Rxe7 18. f3 Nd6 19. Bh3 Qe8 20. Kf2 f6 21. Ng6 Ne4+
22. fxe4 Qxg6 23. Bf5 Qg5 24. Nxd5 Bxd5 25. exd5 1-0

[Event "Merania-Bruneck"]
[Site "?"]
[Date "2015.12.12"]
[Round "4.3"]
[White "Peintner, Andreas"]
[Black "Della Sala, Bruno"]
[Result "1-0"]
[WhiteElo "1915"]
[BlackElo "2057"]
[PlyCount "73"]
[EventDate "2015.??.??"]

1. d4 Nf6 2. c4 c5 3. d5 e6 4. Nc3 exd5 5. cxd5 d6 6. Nf3 g6 7. Bf4 a6 8. a4
Bg7 9. e3 O-O 10. Be2 Qe7 11. Nd2 Nbd7 12. Nc4 Ne8 13. O-O Rb8 14. a5 Ne5 15.
Nb6 f5 16. Qb3 Kh8 17. Bg3 g5 18. f3 f4 19. exf4 gxf4 20. Nxc8 Rxc8 21. Bf2 Nf6
22. Rfe1 Qf7 23. Rad1 Rg8 24. Kh1 Bf8 25. Bf1 Qh5 26. Ne4 Nxe4 27. Rxe4 Bh6 28.
Be1 c4 29. Bxc4 Qg6 30. Bf1 Ng4 31. Re6 Nf6 32. Bc3 Bg7 33. Rxd6 Qg5 34. Bxf6
Bxf6 35. Re6 Qg7 36. d6 Bd4 37. Re7 1-0

[Event "Merania-Bruneck"]
[Site "?"]
[Date "2015.12.12"]
[Round "4.4"]
[White "Tappeiner, Michael"]
[Black "Niederkofler, Andreas"]
[Result "1-0"]
[WhiteElo "1761"]
[BlackElo "1797"]
[PlyCount "83"]
[EventDate "2015.??.??"]

1. c4 Nf6 2. g3 e6 3. Bg2 c5 4. e3 Be7 5. Ne2 O-O 6. O-O Qc7 7. Nbc3 a6 8. b3
d6 9. Bb2 Bd7 10. d4 Bc6 11. d5 exd5 12. Nxd5 Nxd5 13. Bxd5 Bxd5 14. Qxd5 Qc6
15. Nf4 Rd8 16. Qf5 Nd7 17. Nd5 Bf8 18. Qg5 Re8 19. f4 b5 20. f5 Kh8 21. Rf4
bxc4 22. bxc4 Rab8 23. Bc3 Ne5 24. Bxe5 Rxe5 25. Rd1 Qa4 26. Qh5 g6 27. Qe2 Bh6
28. fxg6 fxg6 29. Rf3 Rbe8 30. Rb1 Qa3 31. Rb3 Qa4 32. Rf7 Rf8 33. Rxf8+ Bxf8
34. Rb8 Kg7 35. Qf2 Rf5 36. Qb2+ Kh6 37. Qe2 Qa3 38. Rb7 Bg7 39. Ne7 Re5 40.
Ng8+ Kg5 41. h4+ Kf5 42. Qf3+ 1-0

[Event "Merania-Bruneck"]
[Site "?"]
[Date "2015.12.12"]
[Round "4.5"]
[White "Balzarini, Franco"]
[Black "Kaserer, Hanspeter"]
[Result "0-1"]
[WhiteElo "1792"]
[BlackElo "1674"]
[PlyCount "104"]
[EventDate "2015.??.??"]

1. d4 Nf6 2. Nf3 g6 3. c4 Bg7 4. e3 d5 5. Be2 O-O 6. O-O b6 7. Nbd2 Bb7 8. Rb1
a5 9. b3 Nbd7 10. Bb2 Re8 11. Qc2 e6 12. a3 Bf8 13. Qc3 Bg7 14. Rfc1 Ne4 15.
Qc2 Rc8 16. b4 axb4 17. axb4 Nxd2 18. Nxd2 c6 19. c5 b5 20. Ra1 Ra8 21. Rxa8
Qxa8 22. Ra1 Qb8 23. e4 e5 24. exd5 exd4 25. Nf3 d3 26. Bxd3 Bxb2 27. Qxb2 cxd5
28. Bxb5 Bc8 29. Nd4 Re4 30. Bd3 Rf4 31. g3 Rf6 32. Qc3 Ne5 33. Be2 Bg4 34. f4
Bxe2 35. Nxe2 Nd7 36. c6 Qb6+ 37. Nd4 Rxc6 38. Ra8+ Kg7 39. Qxc6 Qxd4+ 40. Kg2
Qe4+ 41. Kf2 Qd4+ 42. Ke2 Qe4+ 43. Kd2 Qd4+ 44. Kc2 Qe4+ 45. Kb2 Qxb4+ 46. Ka1
Nc5 47. Qxd5 Nb3+ 48. Kb2 Nd4+ 49. Ka2 Qd2+ 50. Kb1 Qc2+ 51. Ka1 Nb3+ 52. Qxb3
Qxb3 0-1

[Event "Merania-Bruneck"]
[Site "?"]
[Date "2015.12.12"]
[Round "4.6"]
[White "Maestri, Alessandro"]
[Black "Lang, Guenther"]
[Result "1/2-1/2"]
[WhiteElo "1506"]
[BlackElo "1705"]
[PlyCount "71"]
[EventDate "2015.??.??"]

1. e4 c6 2. d4 d5 3. e5 Bf5 4. Bd3 Bxd3 5. Qxd3 e6 6. Nf3 Nd7 7. O-O Ne7 8. Re1
c5 9. c3 Nc6 10. a3 c4 11. Qc2 b5 12. Bg5 Qb6 13. Nbd2 Na5 14. Rad1 h6 15. Be3
Be7 16. Nf1 Nb3 17. Ng3 g6 18. Nd2 Nxd2 19. Qxd2 Bf8 20. h4 Be7 21. h5 g5 22.
f4 gxf4 23. Bxf4 O-O-O 24. Rf1 Rdg8 25. Rf3 Bg5 26. Rdf1 Rh7 27. Bxg5 Rxg5 28.
Kh2 Rhg7 29. Qf4 Qd8 30. R1f2 Rg4 31. Qxh6 Qh4+ 32. Kg1 Rxg3 33. Rxf7 Rxg2+ 34.
Rxg2 Rxf7 35. Qxe6 Qe1+ 36. Kh2 1/2-1/2

[Event "Lana-Brixen/Milland"]
[Site "?"]
[Date "2015.12.12"]
[Round "4.4"]
[White "Kofler, Albin"]
[Black "Wisthaler, Lukas"]
[Result "0-1"]
[WhiteElo "1565"]
[BlackElo "1783"]
[PlyCount "59"]
[EventDate "2015.??.??"]

{509MB, Fritz13.ctg, PIG} 1. d4 {[%emt 0:00:00]} 1... d5 2. c4 c6 3. Nf3 Nf6 4.
Nc3 dxc4 5. e4 b5 6. e5 Nd5 7. a4 Nxc3 8. bxc3 e6 9. Be2 Be7 10. O-O O-O 11.
Qc2 Nd7 12. axb5 cxb5 13. Ba3 a6 14. Nd2 Bb7 15. Ne4 Bxe4 16. Qxe4 Bxa3 17.
Rxa3 Nb6 18. Rfa1 Nd5 19. Rc1 Qg5 20. Rca1 Qd2 21. Qf3 Ra7 22. g3 f6 23. Qg4
Nxc3 24. Qxe6+ Kh8 25. Bf3 fxe5 26. Rxa6 Rxa6 27. Qxa6 Qxd4 28. Qb7 Ne2+ 29.
Bxe2 Qxa1+ 30. Kg2 0-1

[Event "Kaltern/Tramin2-Naturns2"]
[Site "?"]
[Date "2015.12.12"]
[Round "4.4"]
[White "Maier, Fridolin"]
[Black "Christanell, Anton"]
[Result "0-1"]
[WhiteElo "1695"]
[BlackElo "1548"]
[PlyCount "74"]
[EventDate "2015.??.??"]

1. e4 d6 2. f4 g6 3. Nf3 Bg7 4. Nc3 Nc6 5. Bb5 Bd7 6. Bc4 e6 7. O-O Nge7 8. d3
Na5 9. Bb3 Nxb3 10. axb3 O-O 11. Qe1 Nc6 12. Kh1 Nd4 13. Qf2 Nxf3 14. Qxf3 c5
15. g4 a6 16. Qh3 f5 17. gxf5 exf5 18. Qg3 Bc6 19. Nd5 Bxd5 20. exd5 Qf6 21.
Rb1 Rfe8 22. Re1 Re7 23. Bd2 Rae8 24. Bc3 Rxe1+ 25. Rxe1 Rxe1+ 26. Qxe1 Qf7 27.
Bxg7 Kxg7 28. Qc3+ Qf6 {-0,66} 29. b4 $2 {-12,66} 29... Qxc3 30. bxc3 b6 $1 31.
d4 cxd4 32. cxd4 a5 33. bxa5 bxa5 34. c4 a4 35. c5 Kf7 36. Kg2 a3 37. c6 Ke7
0-1

[Event "Kaltern/Tramin2-Naturns2"]
[Site "?"]
[Date "2015.12.12"]
[Round "4.2"]
[White "Unterkofler, Alex"]
[Black "Naegele, Raimund"]
[Result "1-0"]
[WhiteElo "1723"]
[BlackElo "1663"]
[PlyCount "69"]
[EventDate "2015.??.??"]

1. e4 c6 2. d4 d5 3. e5 Bf5 4. Nf3 e6 5. c4 dxc4 6. Bxc4 Nd7 7. O-O Nb6 8. Bd3
Bxd3 9. Qxd3 Ne7 10. Bg5 Qd7 11. Nc3 Ned5 12. Ne4 h6 13. Bh4 Nf4 14. Qc2 Nbd5
15. a3 Ng6 16. Bg3 Be7 17. Nc5 (17. Nfd2 O-O 18. Nc4 Ngf4 19. Ncd6) 17... Bxc5
18. dxc5 O-O 19. Rfe1 Nge7 20. Rad1 Nf5 21. Bf4 Qe7 22. Bc1 Rad8 23. Nd4 Nh4
24. Re4 Ng6 25. f4 Qc7 26. Rde1 (26. f5 exf5 27. Nxf5 Nxe5 28. Bxh6 gxh6 29.
Nxh6+ Kg7 30. Nf5+ Kg8 {+-0, Dauerschach?} (30... Kf6 $2 31. Qf2 Ke6 32. Ng7+
Ke7 33. Qf5 {Vorteil Weiss}) 31. Nh6+) 26... Nde7 27. g4 Rd5 28. f5 Nh4 29. Qf2
Rfd8 30. fxe6 Rxd4 {Schwarz glaubt, den Turm zu verlieren (sieht das
Springerschach nicht), und gibt auf. Computer gibt Weiss Vorteil von +1, und
schlaegt als beste Fortsetzung exf7+ vor:} 31. exf7+ (31. Qxf7+ {
gibt nur Dauerschach} 31... Kh8 32. Bxh6 gxh6 33. Qf6+ Kh7 34. Qf7+) 31... Kf8
32. Rxd4 Rxd4 33. Qxh4 Qd8 (33... Kxf7 $2 {verliert} 34. Qf2+ Nf5 35. gxf5 Rg4+
36. Kh1 Qd8 37. e6+) 34. Bxh6 (34. e6 Rd1) 34... Rd1 35. Be3 {+0,8} (35. Bxg7+
Kxg7 36. Qf6+ Kf8 37. Qh8+ Kxf7 38. e6+ Kg6 39. Qh5+ Kg7 40. Qf7+ Kh8 {
Dauerschach}) 1-0

[Event "Kaltern/Tramin2-Naturns2"]
[Site "?"]
[Date "2015.12.12"]
[Round "4.3"]
[White "Prantner, Luis"]
[Black "Leimgruber, Erich"]
[Result "1-0"]
[WhiteElo "1633"]
[BlackElo "1643"]
[PlyCount "68"]
[EventDate "2015.??.??"]

1. e4 e5 2. Nf3 Nc6 3. Bb5 d6 4. O-O Be7 5. d4 exd4 6. Nxd4 Bd7 7. Nc3 Nf6 8.
f4 O-O 9. Nxc6 bxc6 10. Bd3 Bc8 11. Qf3 Bb7 12. Qg3 Nh5 13. Qh3 g6 14. g4 Ng7
15. Qh6 f6 16. Rf3 Ne6 17. f5 gxf5 18. gxf5 Ng5 19. Rg3 Kh8 20. h4 Rg8 21. hxg5
fxg5 22. Ne2 Bf6 23. c3 c5 24. Rh3 Qe7 25. Ng3 g4 26. Rh5 Rg7 27. Kf2 d5 28.
Qe3 d4 29. Qe1 Rd8 30. Bh6 Rgg8 31. Bc4 Rge8 32. Be6 Bc8 33. e5 Bxe6 34. exf6
Qxf6 1-0

[Event "Taufers-Ehrenburg2"]
[Site "?"]
[Date "2015.12.12"]
[Round "4.1"]
[White "Flatscher, Tobias"]
[Black "Holzer, Philipp"]
[Result "1/2-1/2"]
[WhiteElo "1749"]
[BlackElo "1830"]
[PlyCount "39"]
[EventDate "2015.??.??"]

1. c4 c5 2. g3 Nf6 3. Bg2 Nc6 4. Nc3 d6 5. e3 e5 6. Nge2 Be6 7. b3 Qd7 8. d4
cxd4 9. exd4 Bh3 10. O-O Be7 11. d5 Nd8 12. Bg5 Bxg2 13. Kxg2 O-O 14. Bxf6 Bxf6
15. Ne4 Be7 16. N2c3 f5 17. Nd2 Bf6 18. Qc2 e4 19. Rae1 Nf7 20. f3 1/2-1/2

[Event "Ehrenburg-Naturns3"]
[Site "?"]
[Date "2015.12.12"]
[Round "4.3"]
[White "Tappeiner, Martin"]
[Black "Mairhofer, Lino"]
[Result "1/2-1/2"]
[WhiteElo "1225"]
[BlackElo "1737"]
[PlyCount "47"]
[EventDate "2015.??.??"]

1. e4 c5 2. Bc4 Nc6 3. Nf3 d6 4. O-O Nf6 5. Ng5 e6 6. c3 Be7 7. f4 d5 8. exd5
exd5 9. Bb5 O-O 10. Bxc6 bxc6 11. h3 c4 12. d4 Qc7 13. Nf3 Bd6 14. Nh4 Bd7 15.
Qf3 Rae8 16. Be3 Ne4 17. Nd2 Be7 18. Nxe4 dxe4 19. Qh5 g6 20. Qh6 Qd8 21. g3
Bf6 22. f5 Bg7 23. Qf4 Bf6 24. Qh6 1/2-1/2

[Event "Steinegg-Ridnaun "]
[Site "?"]
[Date "2015.12.12"]
[Round "4.1"]
[White "Aigner, Helmut"]
[Black "Engl, Stefan"]
[Result "0-1"]
[WhiteElo "1858"]
[BlackElo "1920"]
[PlyCount "98"]
[EventDate "2015.??.??"]

1. e4 e6 2. d4 d5 3. Nc3 Bb4 4. Nge2 Nf6 5. Bg5 Be7 6. Ng3 O-O 7. e5 Nfd7 8.
Bxe7 Qxe7 9. Nb5 Qd8 10. c3 a6 11. Na3 f6 12. f4 fxe5 13. fxe5 c5 14. Qg4 cxd4
15. Qxe6+ Kh8 16. Qxd5 dxc3 17. O-O-O cxb2+ 18. Kb1 Qe7 19. Nc4 Nc6 20. Qd6
Qxd6 21. exd6 b5 22. Nxb2 Bb7 23. Be2 Nce5 24. Rhg1 Rad8 25. Nd3 Nc4 26. Ne1
Nde5 27. Bxc4 Nxc4 28. d7 g6 29. Nf3 Bxf3 30. gxf3 Rf7 31. Rge1 Rdxd7 32. Rxd7
Rxd7 33. Re6 Rd1+ 34. Kc2 Rd2+ 35. Kb3 Rb2+ 36. Kc3 Rxa2 37. Re7 Ra3+ 38. Kb4
Rxf3 39. Ra7 Rf6 40. Ne4 Rc6 41. Nc5 Nd6 42. Nxa6 Rc4+ 43. Kb3 Ra4 44. Ra8+ Kg7
45. Nc7 Rxa8 46. Nxa8 g5 47. Nc7 Kf6 48. Kb4 h5 49. Kc5 Ke5 0-1

[Event "Steinegg-Ridnaun "]
[Site "?"]
[Date "2015.12.12"]
[Round "4.2"]
[White "Alexander, Engl"]
[Black "Helfer, August"]
[Result "0-1"]
[WhiteElo "1851"]
[BlackElo "1581"]
[PlyCount "78"]
[EventDate "2015.??.??"]

1. e4 d6 2. d4 g6 3. Be3 Bg7 4. Nc3 Nd7 5. Qd2 e6 6. Nf3 b6 7. O-O-O Bb7 8. h3
a6 9. Bd3 c5 10. d5 exd5 11. Nxd5 Bxd5 12. exd5 Ngf6 13. Rhe1 O-O 14. Bf4 Qc7
15. Bf1 b5 16. Re7 Qb6 17. g4 Rfe8 18. Rde1 Bf8 19. Rxe8 Rxe8 20. Rxe8 Nxe8 21.
g5 Ng7 22. h4 Nh5 23. Bh2 c4 24. Bh3 Nc5 25. Nd4 b4 26. Nc6 a5 27. Qe2 c3 28.
b3 a4 29. Qe8 Nxb3+ 30. axb3 Qxf2 31. Kb1 axb3 32. Qe4 Qxh2 33. Bf1 Qg1 34. Qf3
Ng3 35. cxb3 Nxf1 36. Kc2 Ne3+ 37. Kd3 c2 38. Nd8 Qd1+ 39. Ke4 Qxd5+ 0-1

[Event "Steinegg-Ridnaun "]
[Site "?"]
[Date "2015.12.12"]
[Round "4.3"]
[White "Obermueller, Johann"]
[Black "Lantschner, Carmen"]
[Result "1-0"]
[WhiteElo "1581"]
[BlackElo "1618"]
[PlyCount "103"]
[EventDate "2015.??.??"]

1. Nf3 d6 2. d4 g6 3. g3 Bg7 4. Bg2 Nf6 5. c4 O-O 6. Nc3 Nc6 7. O-O Bf5 8. Nh4
Bd7 9. h3 Qc8 10. Kh2 e5 11. Be3 exd4 12. Bd2 dxc3 13. Bxc3 Re8 14. Re1 Ne4 15.
Bxg7 Kxg7 16. Rf1 Nf6 17. Qd2 h6 18. b3 Qd8 19. Nf3 Rb8 20. Rad1 Qe7 21. e3
Rbd8 22. Qc3 Bc8 23. Qb2 Kh7 24. Rfe1 d5 25. Nd4 Nxd4 26. exd4 Qd7 27. Re2 c6
28. Re5 dxc4 29. Rxe8 Rxe8 30. bxc4 Qe6 31. Qc2 Qe2 32. Rd2 Qh5 33. Qb1 Bxh3
34. Bxh3 Re7 35. Qb4 Ng8 36. d5 cxd5 37. cxd5 Rd7 38. Kg2 f5 39. Qd4 a6 40. d6
Qg5 41. Re2 Qd8 42. Re6 h5 43. Kh2 Rg7 44. Qe5 Qb6 45. Qe3 Qd8 46. Qe5 Nh6 47.
Re7 Rf7 48. f3 Kg8 49. Bf1 Rxe7 50. dxe7 Qe8 51. Bc4+ Nf7 52. Qf6 1-0

[Event "Steinegg-Ridnaun "]
[Site "?"]
[Date "2015.12.12"]
[Round "4.4"]
[White "Rier, Hartmann"]
[Black "Helfer, Sieghard"]
[Result "1-0"]
[WhiteElo "1261"]
[BlackElo "1487"]
[PlyCount "109"]
[EventDate "2015.??.??"]

1. e4 g6 2. d4 Bg7 3. Nf3 d6 4. b3 Nd7 5. Bb2 e6 6. Nbd2 Ne7 7. Be2 O-O 8. O-O
b6 9. e5 dxe5 10. Nxe5 Nxe5 11. dxe5 Nc6 12. Bf3 Bb7 13. Bxc6 Bxc6 14. Qe2 Qe7
15. a4 Rfd8 16. Rad1 Rd7 17. Ne4 Bxe4 18. Qxe4 Rad8 19. Rxd7 Qxd7 20. g3 Qd5
21. Qxd5 Rxd5 22. f4 Bf8 23. Kg2 Bc5 24. Kh3 Rd2 25. Rc1 Be3 26. Re1 Rxc2 27.
Rxe3 Rxb2 28. Rd3 Rc2 29. Rd4 Kf8 30. Rc4 Rxc4 31. bxc4 Ke7 32. Kg4 h6 33. h4
Kd7 34. h5 Kc6 35. Kh4 Kc5 36. g4 Kxc4 37. hxg6 fxg6 38. f5 gxf5 39. gxf5 exf5
40. e6 Kb4 41. e7 Kxa4 42. e8=Q+ Ka5 43. Qe1+ Ka6 44. Qe2+ Kb7 45. Qf3+ c6 46.
Qxf5 Ka6 47. Qe6 c5 48. Qxh6 Kb5 49. Kg4 c4 50. Qg5+ Kb4 51. Qe7+ Kb5 52. Kf3
a5 53. Qe5+ Ka6 54. Ke3 a4 55. Kd4 1-0

[Event "Steinegg-Ridnaun "]
[Site "?"]
[Date "2015.12.12"]
[Round "4.5"]
[White "Gasteiger, Josef"]
[Black "Mair, Stefan"]
[Result "0-1"]
[WhiteElo "1319"]
[BlackElo "1434"]
[PlyCount "98"]
[EventDate "2015.??.??"]

1. c4 e5 2. Nc3 Nf6 3. e3 c6 4. d4 exd4 5. exd4 d5 6. c5 Bf5 7. Nf3 Be7 8. Bd3
Bg4 9. Be2 Nbd7 10. Be3 Qc7 11. b4 b6 12. Qc1 b5 13. a4 a6 14. axb5 cxb5 15.
Nxb5 Qb7 16. Nc3 O-O 17. Rb1 Ne4 18. O-O Nxc3 19. Qxc3 Nf6 20. Qc2 Ne4 21. Rfe1
f5 22. Ne5 Bxe2 23. Rxe2 f4 24. Bd2 Qb5 25. Be1 Bf6 26. f3 Ng5 27. Rb2 Bxe5 28.
dxe5 Qc6 29. Bh4 Ne6 30. Bf2 Rae8 31. Qd1 Rf5 32. Bd4 Rg5 33. Re1 Qc7 34. Rbe2
Qb7 35. Qd2 Qb5 36. Qb2 Rb8 37. Bc3 Rc8 38. Qa2 Qd3 39. Qd2 Qxf3 40. Rf2 Qh3
41. Qxd5 Rd8 42. Qf3 Qh4 43. Ra1 Rg4 44. g3 fxg3 45. Rg2 gxh2+ 46. Kh1 Rf4 47.
Qg3 Qh5 48. Rxh2 Rd1+ 49. Rxd1 Qxd1+ 0-1

[Event "J.Richter/LASK-Kaltern/Tramin"]
[Site "?"]
[Date "2016.01.09"]
[Round "5.2"]
[White "De Eccher, Stefano"]
[Black "Paltrinieri, Nicholas"]
[Result "0-1"]
[WhiteElo "2212"]
[BlackElo "2201"]
[PlyCount "136"]
[EventDate "2016.??.??"]

1. e4 e6 2. d4 d5 3. e5 c5 4. c3 Nc6 5. Nf3 Qb6 6. a3 Nh6 7. b4 cxd4 8. Bxh6
gxh6 9. cxd4 Bd7 10. Ra2 Rg8 11. h3 Rc8 12. Rc2 h5 13. Qc1 a5 14. b5 Na7 15.
Rxc8+ Nxc8 16. g3 a4 17. Nc3 Qc7 18. Bd3 Nb6 19. O-O Nc4 20. Bxc4 Qxc4 21. Ne4
Qxc1 22. Nf6+ Kd8 23. Rxc1 Rg6 24. Nxd7 Kxd7 25. b6 Bxa3 26. Rc7+ Kd8 27. Rxb7
Kc8 28. Ra7 Bb2 29. Rxa4 Kb7 30. Ra7+ Kxb6 31. Rxf7 h4 32. Nxh4 Rh6 33. Nf3
Rxh3 34. Rf6 Kb5 35. Rxe6 Kc4 36. Rc6+ Kd3 37. Rd6 Bxd4 38. Rxd5 Rxg3+ 39. Kh1
Rxf3 40. e6 Rxf2 41. Rh5 Re2 42. Rxh7 Rxe6 43. Kg2 Rg6+ 44. Kf3 Rf6+ 45. Kg4
Ke4 46. Kg5 Rf1 47. Kg6 Rg1+ 48. Kf7 Kd5 49. Ke7 Be5 50. Kf7 Rg2 51. Ke7 Rg6
52. Kf7 Rf6+ 53. Ke7 Rf5 54. Rh6 Bf4 55. Ra6 Bg5+ 56. Ke8 Be3 57. Rg6 Bc5 58.
Ra6 Rf8+ 59. Kd7 Rf7+ 60. Ke8 Re7+ 61. Kd8 Rh7 62. Kc8 Bd6 63. Kd8 Rg7 64. Ra1
Ke6 65. Re1+ Be5 66. Kc8 Rc7+ 67. Kd8 Rc2 68. Re3 Rb2 0-1

[Event "J.Richter/LASK-Kaltern/Tramin"]
[Site "?"]
[Date "2016.01.09"]
[Round "5.1"]
[White "Bertagnolli, Alexander"]
[Black "Dappiano, Andrea"]
[Result "1-0"]
[WhiteElo "2355"]
[BlackElo "2249"]
[PlyCount "91"]
[EventDate "2016.??.??"]

1. Nf3 c5 2. e4 e6 3. g3 Nc6 4. Bg2 Nge7 5. O-O g6 6. d4 cxd4 7. c3 Bg7 8. cxd4
d5 9. e5 O-O 10. Nc3 a6 11. Bf4 Qb6 12. Na4 Qa7 13. Qd2 Nf5 14. Rfd1 b5 15. Nc3
b4 16. Ne2 a5 17. g4 Nfe7 18. h4 Ba6 19. Ng3 f6 20. exf6 Rxf6 21. Ne5 Rxf4 22.
Qxf4 Nxe5 23. dxe5 Rf8 24. Qd4 Qxd4 25. Rxd4 Nc6 26. Rxd5 exd5 27. Bxd5+ Kh8
28. Bxc6 Bxe5 29. Rd1 Bxb2 30. h5 gxh5 31. gxh5 h6 32. Rd6 Rf6 33. Rd8+ Kg7 34.
Be4 Re6 35. f4 Kf6 36. Bd5 Rb6 37. Rd7 Re6 38. Ne4+ Kf5 39. Nd6+ Rxd6 40. Rxd6
Be2 41. Be6+ Ke4 42. Bf7 a4 43. Kf2 Bb5 44. Kg3 b3 45. axb3 a3 46. b4 1-0

[Event "J.Richter/LASK-Kaltern/Tramin"]
[Site "?"]
[Date "2016.01.09"]
[Round "5.3"]
[White "Panjkovic, Aleksandar"]
[Black "Moncher, Stefano"]
[Result "1/2-1/2"]
[WhiteElo "2086"]
[BlackElo "2157"]
[PlyCount "76"]
[EventDate "2016.??.??"]

1. d4 f5 2. Nc3 Nf6 3. Bg5 d5 4. Bxf6 exf6 5. e3 c6 6. Bd3 Bd6 7. Qf3 g6 8.
Nge2 Be6 9. h3 O-O 10. Nf4 Qe7 11. O-O-O Na6 12. Nxe6 Qxe6 13. a3 b5 14. Ne2 c5
15. Bxb5 Nc7 16. Bc6 Rad8 17. Ba4 c4 18. g4 Qe4 19. Qxe4 fxe4 20. Ng3 Rb8 21.
Kb1 Bxa3 22. b3 Nb5 23. Ka2 Bd6 24. Ne2 Rfc8 25. bxc4 dxc4 26. Rb1 a6 27. c3
Rb6 28. Bxb5 axb5 29. Kb2 Kf7 30. Ng3 Re8 31. Kc2 Bxg3 32. fxg3 Ke6 33. Ra1 Re7
34. Rhb1 Kd5 35. Ra8 Reb7 36. Rb4 Re7 37. Rc8 Reb7 38. Ra8 Re7 1/2-1/2

[Event "J.Richter/LASK-Kaltern/Tramin"]
[Site "?"]
[Date "2016.01.09"]
[Round "5.4"]
[White "Bevilacqua, Maurizio"]
[Black "Waldner, Mirko"]
[Result "1-0"]
[WhiteElo "1999"]
[BlackElo "1900"]
[PlyCount "111"]
[EventDate "2016.??.??"]

1. c4 Nf6 2. Nc3 g6 3. d4 Bg7 4. Nf3 d6 5. Bg5 O-O 6. Qc2 Nc6 7. e3 Bf5 8. Qa4
a5 9. a3 e5 10. d5 Ne7 11. Be2 c6 12. O-O Qb6 13. Bxf6 Bxf6 14. e4 Bd7 15. Rab1
Qc7 16. Qd1 cxd5 17. cxd5 Rfc8 18. Qd2 Qb6 19. h4 Bg7 20. h5 f5 21. Bd3 gxh5
22. Qg5 Qd8 23. Qxh5 Ng6 24. g3 f4 25. Ng5 h6 26. Ne6 Qf6 27. Be2 Kh7 28. Bg4
Rg8 29. Bf5 Be8 30. Rbc1 Kh8 31. Qh3 Nf8 32. Kh2 Nxe6 33. dxe6 Bc6 34. Rfd1 Bf8
35. b4 axb4 36. axb4 Qg5 37. g4 Ra3 38. f3 Rb3 39. Nd5 Kg7 40. Rb1 Ra3 41. Rb2
Rh8 42. Rg1 Bxd5 43. exd5 Kf6 44. Be4 h5 45. Rbg2 Ke7 46. Rc1 Kd8 47. Kg1 Ra8
48. gxh5 Qe7 49. Qg4 b5 50. Qg6 Qa7+ 51. Kf1 Rh6 52. Qg5+ Qe7 53. Qxe7+ Kxe7
54. Rc7+ Kd8 55. Rgc2 Be7 56. Bg6 1-0

[Event "J.Richter/LASK-Kaltern/Tramin"]
[Site "?"]
[Date "2016.01.09"]
[Round "5.5"]
[White "Bertagnolli, Gerhard"]
[Black "Battiston, Claudio"]
[Result "1/2-1/2"]
[WhiteElo "1878"]
[BlackElo "1779"]
[PlyCount "83"]
[EventDate "2016.??.??"]

1. d4 d5 2. c4 e6 3. Nc3 c5 4. cxd5 exd5 5. Nf3 Nc6 6. e3 Nf6 7. Bb5 a6 8.
Bxc6+ bxc6 9. O-O Bd6 10. Qc2 O-O 11. b3 cxd4 12. exd4 h6 13. Bd2 c5 14. Rfe1
Bg4 15. dxc5 Bxc5 16. Na4 Ba7 17. Qd3 Ne4 18. Be3 Bxf3 19. gxf3 Ng5 20. Bxa7
Rxa7 21. f4 Ne6 22. Qf5 Nd4 23. Qd3 Ne6 24. Qf5 Qh4 25. Qxd5 Nxf4 26. Qf3 Rc7
27. Qg3 Qf6 28. Rad1 Rc2 29. Nb6 Ne2+ 30. Rxe2 Rxe2 31. Nd7 Qd8 32. Rd6 Re1+
33. Kg2 Qa8+ 34. f3 Re2+ 35. Kf1 Rfe8 36. Nf6+ Kh8 37. Nxe8 Qxe8 38. Rd8 Qxd8
39. Kxe2 Qa5 40. Qb8+ Kh7 41. a4 Qd5 42. Qc8 1/2-1/2

[Event "J.Richter/LASK-Kaltern/Tramin"]
[Site "?"]
[Date "2016.01.09"]
[Round "5.6"]
[White "Kowalczyk, Martin"]
[Black "Dallaglio, Giovanni"]
[Result "1/2-1/2"]
[WhiteElo "1774"]
[BlackElo "1841"]
[PlyCount "94"]
[EventDate "2016.??.??"]

1. e4 e6 2. d3 c5 3. Nf3 Nc6 4. g3 d6 5. Bg2 g6 6. Bd2 Bg7 7. Bc3 Nd4 8. O-O
Ne7 9. Bxd4 cxd4 10. c3 dxc3 11. Nxc3 b6 12. Rc1 O-O 13. Qa4 Bb7 14. Nd4 a6 15.
Nde2 d5 16. f4 h5 17. Bh3 b5 18. Qc2 Rc8 19. Qb1 Qb6+ 20. Kh1 dxe4 21. dxe4 Qe3
22. Bg2 Bxc3 23. Nxc3 b4 24. Rfe1 Qb6 25. Na4 Qa5 26. b3 Rxc1 27. Rxc1 Rc8 28.
Rxc8+ Nxc8 29. Qd3 Bc6 30. Qc4 Qc7 31. e5 Bxg2+ 32. Kxg2 Qb7+ 33. Kf2 Ne7 34.
Nc5 Qh1 35. Qxb4 Qxh2+ 36. Kf3 Nf5 37. Ne4 Qh1+ 38. Kf2 Kg7 39. a3 Qh2+ 40. Kf3
Qc2 41. Qc4 Qb2 42. Nd6 Nd4+ 43. Ke3 Nxb3 44. Ne8+ Kf8 45. Qb4+ Kxe8 46. Qb8+
Ke7 47. Qd6+ Ke8 1/2-1/2